8th international workshop on knowledge management proceedings : Bratislava 18. - 19. 10. 2013
Salvato in:
| Ente Autore: | |
|---|---|
| Altri autori: | , , |
| Natura: | Libro |
| Lingua: | inglese |
| Pubblicazione: |
Bratislava
Vysoká škola manažmentu v Trenčíne
2013
|
| Soggetti: | |
| Tags: |
Nessun Tag, puoi essere il primo ad aggiungerne!!
|
MARC
| LEADER | 00000nlm a2200000 4500 | ||
|---|---|---|---|
| 001 | 0178947 | ||
| 005 | 20240509115515.9 | ||
| 020 | |a 978-80-89306-23-7 | ||
| 041 | 0 | |a eng | |
| 044 | |a SK | ||
| 245 | 1 | 0 | |a 8th international workshop on knowledge management |b proceedings : Bratislava 18. - 19. 10. 2013 |c edited by Jozef Hvorecký, Jozef Kelemen, Andrea Stropková |
| 264 | 1 | |a Bratislava |b Vysoká škola manažmentu v Trenčíne |c 2013 | |
| 300 | |a CD-ROM [190 s.] |e 2 príl. | ||
| 610 | 2 | 0 | |a riadenie znalostí |
| 610 | 2 | 0 | |a riadenie ľudských zdrojov |
| 610 | 2 | 0 | |a vzdelávanie |
| 610 | 2 | 0 | |a vzdelávanie elektronické |
| 610 | 2 | 0 | |a ruch cestovný |
| 700 | 1 | |a Hvorecký, Jozef | |
| 700 | 1 | |a Kelemen, Jozef | |
| 700 | 1 | |a Stropková, Andrea | |
| 110 | 2 | |a International workshop on knowledge management | |